First for forum as full figures for 2011 filed (Record no. 83869)

MARC details
000 -LEADER
fixed length control field 00767cab a22001935a 4500
001 - CONTROL NUMBER
control field L155463
008 - FIXED-LENGTH DATA ELEMENTS--GENERAL INFORMATION
fixed length control field 120326e2012 xxk 000 0 eng d
035 ## - SYSTEM CONTROL NUMBER
System control number (Sirsi) u155463
041 0# - LANGUAGE CODE
Language code of text/sound track or separate title eng
110 2# - MAIN ENTRY--CORPORATE NAME
Corporate name or jurisdiction name as entry element Property Week
9 (RLIN) 1549
245 00 - TITLE STATEMENT
Title First for forum as full figures for 2011 filed
260 ## - PUBLICATION, DISTRIBUTION, ETC.
Date of publication, distribution, etc. 2012
490 #0 - SERIES STATEMENT
Series statement Property Week
Volume/sequential designation 78(11) 16 Match 2012, 42(1)
520 ## - SUMMARY, ETC.
Summary, etc. Summarises Manchester Office Agents' Forum's first full release of its annual take-up statistics (2011) for Manchester city centre and out-of-town. City centre take-up for 2011 totalled 700 000 sq ft, 47% down on 2010. Out-of-town figures for 2011 were 935 252 sq ft, 8% up on 2010.
590 ## - LOCAL NOTE (RLIN)
Local note KA
651 #4 - SUBJECT ADDED ENTRY--GEOGRAPHIC NAME
Geographic name Manchester
690 ## - LOCAL SUBJECT ADDED ENTRY--TOPICAL TERM (OCLC, RLIN)
Topical term or geographic name as entry element Commercial property
9 (RLIN) 6227
942 ## - ADDED ENTRY ELEMENTS (KOHA)
Suppress in OPAC 0
Holdings
Withdrawn status Lost status Source of classification or shelving scheme Damaged status Not for loan Home library Current library Shelving location Date acquired Total Checkouts Full call number Barcode Date last seen Price effective from Koha item type
    Dewey Decimal Classification     London London Journal article 25/03/2012   L155463 155463-1001 06/08/2019 06/08/2019 Journal